000 00501nam a2200181Ia 4500
005 20250508151924.0
008 008 250505s9999 xx 000 0 san d
037 _aReference
040 _aFEDL
_beng
_cFEDL
041 _asan
_2eng
084 _a891.2108, ACH
_qFEDL
100 _aNarayan Ram Acharya
245 0 _aSubhashitratnabhandagaram
260 _aMumbai, India
_bNirney Sagar Press
_c1952
300 _a394p.
942 _cREF
_h891.2108, ACH
999 _c1332989
_d1332989